| 000 | 00431nam a22001217a 4500 | ||
|---|---|---|---|
| 008 | 230703b xxu||||| |||| 00| 0 eng d | ||
| 082 |
_a352.4 _bIEA |
||
| 100 | _cInstitute of Economic Affairs | ||
| 245 |
_aAnnual Budget plan 2002/2003 Fiscal Year _bParliaments guide in Interrogating the National Budget 2002/2003 _cMay 2002 Issue |
||
| 260 |
_aNairobi, Kenya _bInstitute of Economic Affairs _c2002 |
||
| 300 | _a54p | ||
| 942 |
_2ddc _cBK |
||
| 999 |
_c3233 _d3233 |
||